000 00805nam a2200253Ia 4500
003 OSt
005 20220918171147.0
006 a|||||r|||| 00| 0
007 ta
008 220917b |||||||| |||| 00| 0 eng d
020 _a9781405130981 (hbk)
_c4377.86
024 _a240,076
037 _b5474, 30/07/2009, Efficient Book Distributors
_cTextual
040 _aARTS
_cARTS
_beng
041 _2eng
_aeng
082 _aT:3(O), P8
100 _aSchwarz Daniel R.
_912087
245 0 _aIn defense of reading
_b Teaching literature in the twenty - first century
260 _aMalden
_b#NAME?
_c2008
300 _axvii, 198p.
_ccm.
650 _aTEACHING
_934578
942 _hT:3(O), P8
_cTEXL
_2CC
999 _c138174
_d138174